000
00372cam a2200157ua 4500
041
_a
hin
_h
082
_a
891.43
_b
RAJ/PR
100
_a
Rajapal, G .
245
_a
Pranaya pathrika /
_c
G Rajapal.
_h
Textual Documents
260
_a
Delhi :
_b
Rajapal yada sangei ,
_c
1961.
300
_a
80 ; .
504
_a
942
_c
BK
999
_c
3447
_d
3447